000 00489nam a2200157 a 4500
001 000039973
005 20201002033836.0
008 130801s1966 mx 000 0 spa d
040 _aDO-SdBNP
_bspa
_cBNPHU
100 1 _aReyes Ponce, Agustín
_966193
245 1 0 _aEl análisis de puestos /
_cAgustín Reyes Ponce ; prólogo Jorge Martín Hierro.
250 _a5a ed.
260 _aMéxico :
_bLimusa,
_c1966.
300 _a94 p. ;
_c22 cm.
700 1 _aMartín Hierro, Jorge,
_epról.
_966194
999 _c39463
_d39463